| 000 | 00453cam a2200181ua 4500 | ||
|---|---|---|---|
| 020 |
_a81 204 0876 4 _c33.50 |
||
| 041 |
_aeng _h |
||
| 082 |
_a631.43 _bOSW/SO |
||
| 100 | _aOswal, M C . | ||
| 245 |
_aSoil physics / _cM C Oswal. _hTextual Documents |
||
| 250 |
_a1 / _b. |
||
| 260 |
_aNew Delhi : _bOxford & IBH Publishing company , _c1994. |
||
| 300 | _a360 ; . | ||
| 365 | _a33.50 | ||
| 504 | _a | ||
| 942 | _cBK | ||
| 999 |
_c10870 _d10870 |
||